Bundeskanzler in richtiger Reihenfolge - Whammies - Statistiken

Allgemein
  • Dieses Quiz wurde 6.341 mal gespielt
    5.985 seit der letzten Aktualisierung
  • Das Durchschnittsergebnis liegt bei 7 aus 10
Antwortstatistiken
Regierungszeit Bundeskanzler % Korrekt
1949-1963 Konrad Adenauer
95%
2025-heute Friedrich Merz
78%
2005-2021 Angela Merkel
77%
2021-2025 Olaf Scholz
76%
1998-2005 Gerhard Schröder
66%
1982-1998 Helmut Kohl
63%
1963-1966 Ludwig Erhard
58%
1974-1982 Helmut Schmidt
56%
1969-1974 Willy Brandt
56%
1966-1969 Kurt Georg Kiesinger
52%
Keine übereinstimmenden Quizze gefunden
Verteilung der Resultate
Anzahl Personen mit jedem Resultat
Perzentil nach korrekt beantworteten Fragen
Ihre Resultats-Entwicklung
Sie haben dieses Quiz seit der letzten Aktualisierung nicht gespielt